| 000 | 00977nam0a22002531 4500 | ||
|---|---|---|---|
| 001 | rc\2641446 | ||
| 005 | 20231127100700.0 | ||
| 035 | _a(NLR Aleph) 006949373 | ||
| 090 |
_a5231655 _c5231655 |
||
| 100 | _a20110606d1928 |||y0rusy50 ca | ||
| 101 | 0 | _arus | |
| 102 | _aRU | ||
| 105 | _aa z ||||| | ||
| 200 | 1 | _aКалужский деревянный ампир | |
| 210 |
_aКалуга _cколлектив науч. работников при Г. О. Рабпроса _d1928 _gгостип. ГСНХ |
||
| 215 |
_a30 с., [2] с. объявл., [10] вкл. л. ил. и черт. _cил., объявл., черт. _d22×18 см |
||
| 300 | _aБезсонов, С.В. Классицизм в Калуж. гражданском зодчестве | ||
| 700 | 1 |
_aБезсонов _bС. В. _f1885-1955 _gСергей Васильевич |
|
| 801 | 0 |
_aRU _bNLR _gpsbo |
|
| 801 | 1 |
_aRU _bELAR _2rusmarc |
|
| 852 |
_aNLR _j60/112(2) |
||
| 942 | _cBOOK | ||
| 980 | _aNB | ||